Základy francúzštiny pre ekonómov
Na minha lista:
| Autor principal: | |
|---|---|
| Autor Corporativo: | |
| Outros Autores: | |
| Formato: | Livro |
| Idioma: | eslovaco francês |
| Publicado em: |
Bratislava
Ekonomická univerzita
1995
|
| Assuntos: | |
| Tags: |
Sem tags, seja o primeiro a adicionar uma tag!
|
MARC
| LEADER | 00000nam a2200000 4500 | ||
|---|---|---|---|
| 001 | c009494 | ||
| 005 | 20221214072421.4 | ||
| 020 | |a 80-225-0594-3 | ||
| 041 | 0 | |a slo | |
| 041 | 0 | |a fre | |
| 044 | |a SK | ||
| 245 | 1 | 0 | |a Základy francúzštiny pre ekonómov |c Marie Pravdová, Olga Velíšková |
| 264 | 1 | |a Bratislava |b Ekonomická univerzita |c 1995 | |
| 300 | |a 360 s. | ||
| 610 | 2 | 0 | |a francúzština |
| 610 | 2 | 0 | |a jazykoveda |
| 100 | 1 | |a Pravdová, Marie | |
| 700 | 1 | |a Velíšková, Olga | |
| 710 | 2 | |a Ekonomická univerzita v Bratislave. Ústav jazykov | |